[Event "Cullera op-B 29th"]
[Site "Cullera"]
[Date "2012.08.26"]
[Round "2"]
[White "Lopez Diaz, Rafael"]
[Black "Basilio Rodriguez, Jose Manuel"]
[Result "0-1"]
[WhiteElo "1819"]
[BlackElo "2002"]
[PlyCount "76"]
[EventDate "2012.08.25"]
[EventType "swiss"]
[EventRounds "9"]
[EventCountry "ESP"]
[SourceTitle "CBM 150 Extra"]
[Source "ChessBase"]
[SourceDate "2012.10.19"]
[SourceVersion "1"]
[SourceVersionDate "2012.10.19"]
[SourceQuality "1"]

1. f4 f5 2. Nf3 Nf6 3. e3 e6 4. b3 b6 5. Bb2 Bb7 6. Be2 Bc5 7. Nc3 0-0 8. 0-0 a6 9. Qe1 Nc6 10. Na4 Nb4 11. Bd1 Be7 12. a3 Nbd5 13. Nc3 Nxc3 14. Bxc3 Ne4 15. Bb2 Bf6 16. c3 d6 17. d3 Nc5 18. Qd2 a5 19. a4 e5 20. b4 Nd7 21. Bb3+ Kh8 22. Qc2 c5 23. b5 e4 24. Nd2 d5 25. dxe4 c4 26. Ba2 fxe4 27. Rad1 Qc7 28. Qc1 Nc5 29. Qc2 Nd3 30. Ba3 Be7 31. Bc1 Bc5 32. Nb1 Rxf4 33. Rxf4 Qxf4 34. Rf1 Bxe3+ 35. Bxe3 Qxe3+ 36. Kh1 Re8 37. Na3 Qc5 38. Qe2 Rf8 0-1

[Event "Valencia-ch"]
[Site "Valencia"]
[Date "2012.04.14"]
[Round "2"]
[White "Ferrer Moreno, Jose"]
[Black "Basilio Rodriguez, Jose Manuel"]
[Result "1-0"]
[WhiteElo "2194"]
[BlackElo "1969"]
[PlyCount "91"]
[EventDate "2012.04.14"]
[EventType "swiss"]
[EventRounds "7"]
[EventCountry "ESP"]
[SourceTitle "CBM 148 Extra"]
[Source "ChessBase"]
[SourceDate "2012.06.22"]
[SourceVersion "1"]
[SourceVersionDate "2012.06.22"]
[SourceQuality "1"]

1. d4 d5 2. c4 c6 3. cxd5 cxd5 4. Nf3 Nf6 5. Nc3 Nc6 6. Bf4 Qb6 7. Qb3 Qxb3 8. axb3 Nb4 9. Ra4 e6 10. Nb5 Na6 11. Rxa6 bxa6 12. Nc7+ Kd8 13. Nxa8 Bb4+ 14. Kd1 Ne4 15. Ne5 Nxf2+ 16. Kc2 Nxh1 17. Nxf7+ Kd7 18. Nxh8 Bb7 19. e3 Bxa8 20. Bxa6 Bd6 21. Bxd6 Kxd6 22. Nf7+ Ke7 23. Ne5 Nf2 24. Bd3 h6 25. Kd2 Bb7 26. Bc2 Ne4+ 27. Bxe4 dxe4 28. Ke1 Bd5 29. Nc4 Bc6 30. Kd2 Be8 31. Kc3 Kd7 32. Kb4 Kc6 33. Ka5 Bh5 34. g4 Be8 35. Ka6 Kd5 36. Ne5 h5 37. Kxa7 Bb5 38. Kb6 Be2 39. g5 Kd6 40. b4 Bf1 41. b5 Bd3 42. h4 Be2 43. b3 Bd1 44. Nc4+ Kd7 45. Nd2 Bc2 46. Ka7 1-0

[Event "Provincial-ch Gandia Primera"]
[Site "Valencia Gandia"]
[Date "2011.10.01"]
[Round "1.1"]
[White "Benavent Tormo, Alfonso"]
[Black "Basilio Rodriguez, Jose Manuel"]
[Result "0-1"]
[WhiteElo "1774"]
[BlackElo "1907"]
[PlyCount "91"]
[EventDate "2011.10.01"]
[EventType "swiss"]
[EventRounds "7"]
[EventCountry "ESP"]
[SourceTitle "EXT 2024"]
[Source "ChessBase"]
[SourceDate "2023.10.10"]
[SourceVersion "1"]
[SourceVersionDate "2023.10.10"]
[SourceQuality "1"]

1. e4 e6 2. d4 d5 3. e5 c5 4. Nf3 Nc6 5. Be3 Qb6 6. b3 Nh6 7. c3 Nf5 8. dxc5 Bxc5 9. Bxc5 Qxc5 10. Be2 0-0 11. 0-0 b5 12. b4 Qb6 13. Na3 a6 14. Nc2 Qc7 15. Ncd4 Nfe7 16. Nxc6 Nxc6 17. Rc1 Nxe5 18. Bd3 Ng6 19. Qc2 e5 20. Bxg6 hxg6 21. Rfd1 Rd8 22. Qb3 Bb7 23. Qc2 Rac8 24. Qe2 f6 25. Nh4 Qc4 26. Qxc4 Rxc4 27. g3 Kh7 28. Ng2 Rdc8 29. Ne3 Rxc3 30. Rxc3 Rxc3 31. Nxd5 Bxd5 32. Rxd5 Rc2 33. a4 bxa4 34. Ra5 Rc6 35. Rxa4 Rb6 36. Kf1 Kg8 37. Ke2 Kf7 38. Kd3 Ke6 39. Kc4 Rc6+ 40. Kb3 Kd5 41. Ra2 Ke4 42. h4 Kd3 43. Ka4 Rc2 44. Ra3+ Kc4 45. Rb3 Rxf2 46. Ka5 0-1